LIBRARY & INFORMATION CENTRE, KCAET, TAVANUR

ONLINE PUBLIC ACCESS CATALOGUE (OPAC)

Manual of Soil Laboratory Testing Vol-2: Permeability,Shear Strength and Compressibility tests (Record no. 14399)

MARC details
000 -LEADER
fixed length control field 00410nam a22001457a 4500
020 ## - INTERNATIONAL STANDARD BOOK NUMBER
ISBN 9781904445692
082 ## - DEWEY DECIMAL CLASSIFICATION NUMBER
Classification number 631.4
Item number HEA/MA
100 ## - MAIN ENTRY--AUTHOR NAME
Personal name Head,K.H
100 ## - MAIN ENTRY--AUTHOR NAME
Personal name Epps,R.J
245 ## - TITLE STATEMENT
Title Manual of Soil Laboratory Testing Vol-2: Permeability,Shear Strength and Compressibility tests
250 ## - EDITION STATEMENT
Edition statement 3 rd
260 ## - PUBLICATION, DISTRIBUTION, ETC. (IMPRINT)
Place of publication Boca Raton
Name of publisher CRC Pres ,Whittles Publishing
Year of publication 2011
300 ## - PHYSICAL DESCRIPTION
Number of Pages 499
942 ## - ADDED ENTRY ELEMENTS (KOHA)
Koha item type Books
Holdings
Withdrawn status Lost status Damaged status Collection code Home library Current library Shelving location Date acquired Source of acquisition Cost, normal purchase price Full call number Accession Number Koha item type
        KAUAET KAUAET General Stacks 28/06/2016 Calicut Book Daistributors, Calicut 9779.00 631.4 HEA/MA 23670 Books
free website counter